<?xml version="1.0" encoding="UTF-8"?>
<record
    xmlns:xsi="http://www.w3.org/2001/XMLSchema-instance"
    xsi:schemaLocation="http://www.loc.gov/MARC21/slim http://www.loc.gov/standards/marcxml/schema/MARC21slim.xsd"
    xmlns="http://www.loc.gov/MARC21/slim">

  <leader>00808nam a2200229 a 4500</leader>
  <controlfield tag="001">40191</controlfield>
  <controlfield tag="003">BD-RjUL</controlfield>
  <controlfield tag="005">20220621132904.0</controlfield>
  <controlfield tag="008">220621s1959    ii ||||| |||| 00| 0 urd d</controlfield>
  <datafield tag="020" ind1=" " ind2=" ">
    <subfield code="c">: IRs 300.00 </subfield>
  </datafield>
  <datafield tag="035" ind1=" " ind2=" ">
    <subfield code="a">(BD-RjUL)</subfield>
  </datafield>
  <datafield tag="040" ind1=" " ind2=" ">
    <subfield code="a">BD-RjUL</subfield>
    <subfield code="b">urd</subfield>
    <subfield code="c">BD-RjUL</subfield>
  </datafield>
  <datafield tag="041" ind1=" " ind2=" ">
    <subfield code="a">urd</subfield>
  </datafield>
  <datafield tag="082" ind1=" " ind2=" ">
    <subfield code="2">23 </subfield>
    <subfield code="a">891.43909 </subfield>
    <subfield code="b">RAP 1959</subfield>
  </datafield>
  <datafield tag="100" ind1=" " ind2=" ">
    <subfield code="a">Raiyce, Qamar</subfield>
    <subfield code="9">123758</subfield>
  </datafield>
  <datafield tag="245" ind1="1" ind2="0">
    <subfield code="a"> &#x67E;&#x631;&#x6CC;&#x645; &#x686;&#x646;&#x62F; &#x6A9;&#x627; &#x62A;&#x646;&#x642;&#x6CC;&#x62F;&#x6CC; &#x645;&#x637;&#x627;&#x644;&#x639;&#x6C1;  &#x628;&#x6C1; &#x62D;&#x6CC;&#x62B;&#x6CC;&#x62A; &#x646;&#x627;&#x648;&#x644; &#x646;&#x6AF;&#x627;&#x631;  ;;  prim chand ka taqdeedi mota'la bah haisiat naul nagar /</subfield>
    <subfield code="c"> qamar riyce  ;; &#x642;&#x645;&#x631; &#x631;&#x626;&#x6CC;&#x633;</subfield>
  </datafield>
  <datafield tag="260" ind1=" " ind2=" ">
    <subfield code="a">delhi :</subfield>
    <subfield code="b">Ustad su;bai urdu,</subfield>
    <subfield code="c">1959</subfield>
  </datafield>
  <datafield tag="300" ind1=" " ind2=" ">
    <subfield code="a">560 p. ;.</subfield>
    <subfield code="c">18 cm </subfield>
  </datafield>
  <datafield tag="600" ind1=" " ind2=" ">
    <subfield code="a">Premacanda,  </subfield>
    <subfield code="x">Criticism and interpretation.</subfield>
    <subfield code="d">1881-1936</subfield>
    <subfield code="9">3796</subfield>
  </datafield>
  <datafield tag="650" ind1=" " ind2=" ">
    <subfield code="a">Urdu Literature</subfield>
    <subfield code="9">3797</subfield>
    <subfield code="v">History &amp; Criticism</subfield>
  </datafield>
  <datafield tag="942" ind1=" " ind2=" ">
    <subfield code="2">ddc</subfield>
    <subfield code="c">BK</subfield>
  </datafield>
  <datafield tag="999" ind1=" " ind2=" ">
    <subfield code="c">40191</subfield>
    <subfield code="d">40191</subfield>
  </datafield>
  <datafield tag="952" ind1=" " ind2=" ">
    <subfield code="0">0</subfield>
    <subfield code="1">0</subfield>
    <subfield code="2">ddc</subfield>
    <subfield code="4">0</subfield>
    <subfield code="7">1</subfield>
    <subfield code="8">NFIC</subfield>
    <subfield code="a">RUCL</subfield>
    <subfield code="b">RUCL</subfield>
    <subfield code="c">Reading</subfield>
    <subfield code="d">1973-10-12</subfield>
    <subfield code="e">Quan manjil, Rajshahi</subfield>
    <subfield code="g">7.50</subfield>
    <subfield code="o">U 891.43909  RAP 1959</subfield>
    <subfield code="r">2022-06-21 00:00:00</subfield>
    <subfield code="t">C-1</subfield>
    <subfield code="y">BK</subfield>
  </datafield>
</record>
